000 00712namaa2200205 i 4500
001 178919
003 ES-MaACL
005 20251015063152.0
008 110810s1889 fr | |||| ||fre d
080 _a612.8
100 1 _aBeaunis, Henri Étienne,
_d1830-1921
_9125879
245 1 4 _aLes sensations internes /
_cpar H. Beaunis.
260 _aParis :
_bAncienne Librairie Germer Baillière et Cª :
_bFelix Alcan, Editeur,
_c1889.
300 _a256 p. ;
_c22 cm.
490 1 _aBibliothèque scientifique internationale ;
_v67
650 0 4 _aNeurofisiología.
_915528
830 0 _aBibliothèque scientifique internationale ;
_v67
_9186949
852 _aES-MaACL
_jF-14396
999 _c178919
_d178919